[Event "WEM KT 2016"]
[Site "?"]
[Date "2016.09.02"]
[Round "8.8"]
[White "Streiter, Manfred"]
[Black "Baars, Mario"]
[Result "1-0"]
[WhiteElo "1983"]
[BlackElo "1741"]
[PlyCount "107"]
[EventDate "2016.??.??"]
[WhiteTeam "SGem Vaihingen-Rohr"]
[BlackTeam "SG Schwäbisch Gmünd"]

1. d4 Nf6 2. Nf3 e6 3. g3 b5 4. Bg2 Bb7 5. O-O Be7 6. a4 b4 7. Re1 O-O 8. Nbd2
a5 9. c4 d6 10. b3 Na6 11. e4 Nd7 12. Bb2 Bf6 13. Qc2 e5 14. Rad1 Qe7 15. Nf1
c6 16. Ne3 g6 17. Bh3 Rad8 18. Bxd7 exd4 19. Ng4 Rxd7 20. Nxf6+ Qxf6 21. Nxd4
Qg5 22. Bc1 Qh5 23. Ne2 Rdd8 24. Nf4 Qg4 25. h3 Qc8 26. Kh2 d5 27. cxd5 cxd5
28. Qxc8 Bxc8 29. Nxd5 Kg7 30. Bb2+ Kh6 31. Bd4 Be6 32. Bb6 Rd6 33. Bxa5 Rc8
34. Nxb4 Rxd1 35. Rxd1 Nxb4 36. Bxb4 Bxb3 37. Ra1 Rc2 38. Kg2 Ra2 39. Rxa2 Bxa2
40. f4 Kg7 41. Kf3 Kf6 42. Ke3 Bc4 43. Kd4 Bf1 44. h4 Ke6 45. Kc5 Bg2 46. Kd4
f6 47. a5 Kd7 48. Bf8 Kc6 49. Be7 f5 50. exf5 gxf5 51. Ke5 Bh3 52. h5 Bg4 53.
h6 Kd7 54. Bb4 1-0

[Event "WEM KT 2016"]
[Site "?"]
[Date "2016.09.02"]
[Round "8.9"]
[White "Schömbs, Oliver"]
[Black "Klaus, Daniel"]
[Result "1-0"]
[WhiteElo "1874"]
[BlackElo "1943"]
[PlyCount "59"]
[EventDate "2016.??.??"]
[WhiteTeam "SC Ingersheim"]
[BlackTeam "SC Feuerbach"]

1. e4 c5 2. Nf3 e6 3. d4 cxd4 4. Nxd4 a6 5. Nc3 Qc7 6. Bd3 Nc6 7. Nxc6 bxc6 8.
Qe2 d6 9. O-O Nf6 10. f4 d5 11. e5 Nd7 12. f5 Nxe5 13. Bf4 Bd6 14. Rae1 Nxd3
15. Bxd6 Qxd6 16. Qxd3 Qc5+ 17. Kh1 Ra7 18. Qg3 f6 19. fxe6 O-O 20. Na4 Qb4 21.
b3 Re7 22. c3 Qb5 23. Rf4 Rxe6 24. Rb4 Rxe1+ 25. Qxe1 Qd3 26. Rb8 Kf7 27. Nc5
Qf5 28. Nb7 Qe5 29. Qxe5 fxe5 30. Rxc8 1-0

[Event "WEM KT 2016"]
[Site "?"]
[Date "2016.09.02"]
[Round "8.10"]
[White "Klaiß, Thomas"]
[Black "Ruff, Robert"]
[Result "1-0"]
[WhiteElo "1981"]
[BlackElo "1864"]
[PlyCount "85"]
[EventDate "2016.??.??"]
[WhiteTeam "SF Dornstetten-Pfalzgrafenweiler"]
[BlackTeam "SK Sachsenheim"]

1. d4 d5 2. Nf3 Nf6 3. Bg5 e6 4. e3 c6 5. Bd3 Nbd7 6. O-O g6 7. Nbd2 Bg7 8. Ne5
O-O 9. f4 Qb6 10. Rb1 c5 11. c3 Ne8 12. Be7 Nxe5 13. fxe5 Bh6 14. Qf3 f5 15.
Bxc5 Qc7 16. Bxf8 Bxf8 17. g4 Kh8 18. gxf5 gxf5 19. Kh1 Ng7 20. Rg1 Bd7 21. Qh3
Be8 22. Be2 b5 23. Nf3 Bf7 24. Ng5 Bg8 25. Bxb5 Rb8 26. Be2 Qa5 27. a3 Qa4 28.
Bd3 Rb7 29. Rg2 Qc6 30. Rbg1 a5 31. Qh6 Qe8 32. Nh3 Qf7 33. Nf4 Ne8 34. Ng6+
Qxg6 35. Rxg6 Ng7 36. R6g2 Rf7 37. Qxe6 f4 38. exf4 Rxf4 39. Qc8 Be6 40. Qxe6
Rf3 41. Bb1 Rf2 42. Qc8 Rxg2 43. Qxf8# 1-0

[Event "WEM KT 2016"]
[Site "?"]
[Date "2016.09.02"]
[Round "8.11"]
[White "Yi, Danny"]
[Black "Bauer, Dieter"]
[Result "1-0"]
[WhiteElo "1835"]
[BlackElo "1724"]
[PlyCount "51"]
[EventDate "2016.??.??"]
[WhiteTeam "SF Kornwestheim"]
[BlackTeam "SF Kornwestheim"]

1. e4 d6 2. d4 Nf6 3. Nc3 e5 4. Nf3 exd4 5. Nxd4 Be7 6. Bc4 O-O 7. O-O Nc6 8.
Re1 Nxd4 9. Qxd4 c6 10. Bf4 Nh5 11. Be3 Be6 12. Be2 Nf6 13. Rad1 d5 14. exd5
Nxd5 15. Nxd5 Bxd5 16. c4 Be6 17. Qe4 Qa5 18. Bg4 Bxg4 19. Qxg4 Bf6 20. Qd7
Qxa2 21. Bc5 Rad8 22. Qxb7 Rxd1 23. Rxd1 Re8 24. Qxc6 Rb8 25. Bd6 Qb3 26. Re1
1-0

[Event "WEM KT 2016"]
[Site "?"]
[Date "2016.09.02"]
[Round "8.12"]
[White "Löwe, Joachim"]
[Black "Kaiser, Andreas"]
[Result "1/2-1/2"]
[WhiteElo "1886"]
[BlackElo "1847"]
[PlyCount "112"]
[EventDate "2016.??.??"]
[WhiteTeam "SK Schmiden/Cannstatt"]
[BlackTeam "SV Nürtingen"]

1. d4 Nf6 2. c4 e6 3. Nd2 b6 4. e4 d6 5. Bd3 Bb7 6. f3 Nbd7 7. Ne2 g6 8. O-O
Bg7 9. b3 O-O 10. Bb2 e5 11. d5 Nh5 12. Nb1 Qg5 13. Qc1 Qe7 14. g4 Nhf6 15. Qg5
h6 16. Qe3 Nh7 17. Kg2 Qh4 18. Qf2 Qxf2+ 19. Rxf2 Bf6 20. Bc1 Kg7 21. Nbc3 Bh4
22. Ng3 a6 23. Bd2 Nc5 24. Bc2 Bc8 25. b4 Nb7 26. Be3 Bg5 27. Bxg5 hxg5 28.
Rff1 Bd7 29. a3 Nf6 30. Rfc1 Ng8 31. Ba4 Be8 32. Rab1 Ne7 33. Bxe8 Rfxe8 34.
Na4 Rec8 35. c5 b5 36. Nb2 Nd8 37. Nd3 f6 38. Rc3 Nf7 39. Rbc1 Kf8 40. Nf1 Ke8
41. Nd2 Kd7 42. Nb3 Rab8 43. Na5 Nd8 44. Ra1 Ra8 45. Nb7 Rcb8 46. Na5 Ke8 47.
Rac1 Rc8 48. Rh1 Nf7 49. h4 gxh4 50. Rxh4 f5 51. Rh7 fxe4 52. fxe4 Ng5 53. Rh8+
Kf7 54. Rxc8 Rxc8 55. Nf2 Kg7 56. Nb7 Nf7 1/2-1/2

[Event "WEM KT 2016"]
[Site "?"]
[Date "2016.09.02"]
[Round "8.13"]
[White "Reindl, Arno"]
[Black "Reindl, Knut"]
[Result "1-0"]
[WhiteElo "1809"]
[BlackElo "1791"]
[PlyCount "43"]
[EventDate "2016.??.??"]
[WhiteTeam "SG Schwäbisch Gmünd"]
[BlackTeam "SG Schwäbisch Gmünd"]

1. e4 c5 2. Nf3 d6 3. d4 cxd4 4. Nxd4 Nf6 5. Nc3 g6 6. Be3 Bg7 7. f3 O-O 8. Qd2
Nc6 9. Bc4 Bd7 10. O-O-O Rc8 11. Bb3 Nxd4 12. Bxd4 b5 13. h4 a5 14. h5 a4 15.
Bxf6 exf6 16. Bd5 b4 17. Ne2 f5 18. hxg6 hxg6 19. Nd4 Qc7 20. Kb1 a3 21. Bb3
Rfe8 22. Qg5 1-0

[Event "WEM KT 2016"]
[Site "?"]
[Date "2016.09.02"]
[Round "8.14"]
[White "Handel, Oliver"]
[Black "Mayer, Dietmar"]
[Result "1-0"]
[WhiteElo "1854"]
[BlackElo "1668"]
[PlyCount "57"]
[EventDate "2016.??.??"]
[WhiteTeam "SF Kornwestheim"]
[BlackTeam "SC Böblingen"]

1. e4 c5 2. Nf3 a6 3. d4 cxd4 4. Nxd4 Nf6 5. Nc3 e5 6. Nf3 Bb4 7. Bd2 d6 8. Bd3
O-O 9. a3 Bxc3 10. Bxc3 Nbd7 11. O-O Nc5 12. Re1 Nxd3 13. Qxd3 Re8 14. Rad1 Bg4
15. h3 Bxf3 16. Qxf3 Qc7 17. Rd2 Rad8 18. Red1 Qc4 19. Re1 d5 20. exd5 e4 21.
Qg3 Kh8 22. d6 Re6 23. Red1 Qc6 24. Rd5 Ne8 25. d7 Nf6 26. Rd6 Rxd6 27. Rxd6
Nh5 28. Rxc6 Nxg3 29. Rc8 1-0

[Event "WEM KT 2016"]
[Site "?"]
[Date "2016.09.02"]
[Round "8.15"]
[White "Zimmermann, Tobias"]
[Black "Lahouel, Kim-Luca"]
[Result "1-0"]
[WhiteElo "1820"]
[BlackElo "1706"]
[PlyCount "67"]
[EventDate "2016.??.??"]
[WhiteTeam "SC Botnang"]
[BlackTeam "Heilbronner SV"]

1. e4 d5 2. exd5 Nf6 3. d4 Bg4 4. f3 Bf5 5. Bb5+ Nbd7 6. Nc3 a6 7. Bd3 Bxd3 8.
Qxd3 Nb6 9. Nge2 Nfxd5 10. Nxd5 Nxd5 11. Bd2 e6 12. O-O-O Be7 13. Kb1 c5 14. c4
Nf6 15. Bc3 cxd4 16. Nxd4 Qc7 17. b3 Rc8 18. Bb2 O-O 19. g4 Rfd8 20. Qe2 e5 21.
Nf5 Re8 22. Qxe5 Qxe5 23. Bxe5 Bb4 24. Bd6 a5 25. Bxb4 axb4 26. Nd6 Red8 27.
Nxc8 Rxc8 28. Rhe1 h6 29. Re5 Kh7 30. Re7 Kg6 31. Rxb7 Re8 32. c5 Re3 33. c6
Rxf3 34. c7 1-0

[Event "WEM KT 2016"]
[Site "?"]
[Date "2016.09.02"]
[Round "8.16"]
[White "Engelhardt, Frank"]
[Black "Baumeister, Jürgen"]
[Result "1-0"]
[WhiteElo "1819"]
[BlackElo "1818"]
[PlyCount "97"]
[EventDate "2016.??.??"]
[WhiteTeam "SC Botnang"]
[BlackTeam "SC Asperg"]

1. e4 d5 2. exd5 Nf6 3. d4 Nxd5 4. c4 Nf6 5. Nf3 g6 6. Nc3 Bg7 7. Be2 O-O 8.
O-O c6 9. Bg5 h6 10. Be3 Ng4 11. Bf4 f5 12. h3 Nf6 13. Bxb8 Rxb8 14. Ne5 Qe8
15. Bf3 Nd7 16. Re1 Nxe5 17. dxe5 e6 18. Qd6 Bd7 19. Rad1 Rf7 20. Qa3 a6 21. c5
Rd8 22. Na4 Bc8 23. Nb6 Rxd1 24. Bxd1 Rc7 25. f4 Bf8 26. Bf3 g5 27. g3 gxf4 28.
gxf4 Rg7+ 29. Kf1 Be7 30. Re2 Qf8 31. b4 Qd8 32. Qe3 Rg3 33. Rg2 Rxg2 34. Kxg2
Bh4 35. Be2 Kf7 36. Qf3 Qg8+ 37. Kh2 Ke7 38. Qd3 Qd8 39. Qd6+ Qxd6 40. Nxc8+
Kd8 41. Nxd6 Be1 42. Nxb7+ Kc7 43. Bxa6 Bxb4 44. Nd6 Bxc5 45. Ne8+ Kd7 46. Ng7
Bf8 47. Nh5 Bb4 48. Bc4 Bf8 49. a4 1-0

[Event "WEM KT 2016"]
[Site "?"]
[Date "2016.09.02"]
[Round "8.17"]
[White "Tölg, Wolfgang"]
[Black "Reindl, Jork"]
[Result "1-0"]
[WhiteElo "1597"]
[BlackElo "1436"]
[PlyCount "55"]
[EventDate "2016.??.??"]
[WhiteTeam "SF Oeffingen"]
[BlackTeam "SG Schwäbisch Gmünd"]

1. e4 e5 2. f4 Bc5 3. Nf3 d6 4. c3 Bg4 5. d4 Bxf3 6. gxf3 Qh4+ 7. Ke2 exd4 8.
cxd4 Bb6 9. Nc3 Nc6 10. Be3 Nge7 11. Qd2 Qh5 12. Bg2 Ba5 13. a3 Bxc3 14. Qxc3
Qb5+ 15. Kd2 Qa5 16. b4 Qh5 17. d5 Qg6 18. Rag1 Nd8 19. Bh3 Qh6 20. Rg3 Qf6 21.
Qxf6 gxf6 22. Bd4 a5 23. Bxf6 Rf8 24. Rc1 c6 25. dxc6 Ndxc6 26. b5 Nb8 27. Rc7
Nd7 28. Bxd7+ 1-0

[Event "WEM KT 2016"]
[Site "?"]
[Date "2016.09.02"]
[Round "8.18"]
[White "Radek, Dieter"]
[Black "Handel, Heinz"]
[Result "1-0"]
[WhiteElo "1962"]
[BlackElo "1661"]
[PlyCount "49"]
[EventDate "2016.??.??"]
[WhiteTeam "SV Oberstenfeld"]
[BlackTeam "Rochade Metzingen"]

1. e4 e5 2. Nf3 Nc6 3. Bc4 d6 4. c3 h6 5. d4 Nf6 6. dxe5 Nxe5 7. Nxe5 dxe5 8.
Bxf7+ Kxf7 9. Qxd8 c6 10. O-O g5 11. Nd2 Bg7 12. Qc7+ Kg6 13. Nf3 Ne8 14. Qa5
b5 15. a4 Nd6 16. axb5 Nxb5 17. c4 Nd4 18. Ra3 Re8 19. Qc5 Nxf3+ 20. Rxf3 Re6
21. Bd2 a6 22. Bc3 Bd7 23. Rd1 Rf8 24. Rxf8 Bxf8 25. Qxf8 1-0

[Event "WEM KT 2016"]
[Site "?"]
[Date "2016.09.04"]
[Round "9.1"]
[White "Schaffert, Walter"]
[Black "Wolf, Rainer"]
[Result "1-0"]
[WhiteElo "2069"]
[BlackElo "2013"]
[PlyCount "84"]
[EventDate "2016.??.??"]
[WhiteTeam "SG Ludwigsburg"]
[BlackTeam "SC Weiße Dame Ulm"]

1. e4 g6 2. d4 Bg7 3. Nc3 d6 4. f4 a6 5. Nf3 b5 6. Bd3 Bb7 7. O-O Nd7 8. e5 e6
9. Ne4 Bxe4 10. Bxe4 d5 11. Bd3 c5 12. dxc5 Nxc5 13. Be3 Qc7 14. Kh1 Ne7 15. c3
O-O 16. Bc2 Rfb8 17. Qd4 Na4 18. Rab1 Nf5 19. Bxf5 gxf5 20. Rg1 h5 21. h3 Bf8
22. g4 fxg4 23. hxg4 h4 24. Ng5 Be7 25. f5 Bc5 26. Qf4 f6 27. Nxe6 Bxe3 28.
Qxe3 Qxe5 29. Qxe5 fxe5 30. Rgd1 b4 31. Rxd5 bxc3 32. b3 Nb2 33. Rc1 Rc8 34. g5
e4 35. g6 Nd3 36. f6 Ra7 37. Rf1 c2 38. f7+ Rxf7 39. gxf7+ Kh7 40. Rh5+ Kg6 41.
Rg5+ Kh6 42. Rf6+ Kh7 1-0

[Event "WEM KT 2016"]
[Site "?"]
[Date "2016.09.04"]
[Round "9.2"]
[White "Fuß, Klaus"]
[Black "Heining, Thomas"]
[Result "1-0"]
[WhiteElo "2055"]
[BlackElo "2122"]
[PlyCount "141"]
[EventDate "2016.??.??"]
[WhiteTeam "SG Turm Albstadt"]
[BlackTeam "SC Böblingen"]

1. f4 d5 2. g3 h5 3. Bg2 h4 4. Nc3 hxg3 5. hxg3 Rxh1 6. Bxh1 d4 7. Ne4 Nc6 8.
c3 e5 9. d3 Bf5 10. Qb3 Qd7 11. Qxb7 Rb8 12. Nf6+ Nxf6 13. Qxc6 e4 14. Bxe4
Bxe4 15. Qxd7+ Kxd7 16. dxe4 dxc3 17. e5 cxb2 18. Bxb2 Rxb2 19. exf6 gxf6 20.
Nf3 c5 21. Nd2 Kc6 22. Kd1 Rb8 23. Kc2 f5 24. Nc4 Bg7 25. Rh1 Kd5 26. Kd3 Ke6
27. e3 Bf6 28. Rh6 Rg8 29. Rh3 Rd8+ 30. Ke2 Rb8 31. Rh6 Rg8 32. Kf3 Rg6 33. Rh1
Kd5 34. Na5 Bc3 35. Rd1+ Ke6 36. Nc4 Ke7 37. Rd5 Be1 38. Rxf5 Rxg3+ 39. Ke4 Rg2
40. a3 Rg6 41. Rxc5 Ra6 42. Rc7+ Ke8 43. Kd5 Bf2 44. Rc6 Rxc6 45. Kxc6 Ke7 46.
f5 Kf6 47. e4 Kg5 48. Nd6 f6 49. Kd5 Kf4 50. Ne8 Bh4 51. a4 a5 52. Nd6 Be1 53.
Nb7 Bc3 54. Nc5 Ba1 55. Ke6 Bd4 56. Nb3 Bc3 57. Kd5 Bb4 58. Nd4 Bd2 59. Nb3 Bc3
60. Nc5 Ba1 61. Ne6+ Ke3 62. Ng7 Kf4 63. Ne8 Bb2 64. Nd6 Be5 65. Nb5 Bb2 66.
Nd4 Ke3 67. Nb3 Bc3 68. e5 fxe5 69. f6 e4 70. f7 Bg7 71. Nxa5 1-0

[Event "WEM KT 2016"]
[Site "?"]
[Date "2016.09.04"]
[Round "9.3"]
[White "Lelumees, Brait"]
[Black "Gustain, Marc"]
[Result "0-1"]
[WhiteElo "2213"]
[BlackElo "2131"]
[PlyCount "74"]
[EventDate "2016.??.??"]
[WhiteTeam "SK Schwäbisch Hall"]
[BlackTeam "SF Deizisau"]

1. e4 c5 2. Nf3 d6 3. d4 cxd4 4. Nxd4 Nf6 5. Nc3 a6 6. Be3 e5 7. Nb3 Be6 8. f3
h5 9. Qd2 Nbd7 10. O-O-O Be7 11. Kb1 Rc8 12. h3 h4 13. f4 b5 14. f5 Bc4 15. a3
Qc7 16. Qf2 Bxf1 17. Rhxf1 b4 18. axb4 Qc4 19. Qf3 Qxb4 20. Bd2 Qb7 21. Rde1
Rb8 22. Bc1 Qb4 23. g4 hxg3 24. Qxg3 a5 25. Qe3 a4 26. Nd2 Bd8 27. Qd3 Ba5 28.
Rf3 O-O 29. Rg3 Rfc8 30. Nd5 Nxd5 31. Qxd5 Nf6 32. Qa2 Qc5 33. b3 axb3 34. cxb3
Bc3 35. Qc2 Qa5 36. Qa2 Qxa2+ 37. Kxa2 Bxd2 0-1

[Event "WEM KT 2016"]
[Site "?"]
[Date "2016.09.04"]
[Round "9.4"]
[White "Keller, Joachim"]
[Black "Wendler, David"]
[Result "1-0"]
[WhiteElo "1901"]
[BlackElo "1912"]
[PlyCount "115"]
[EventDate "2016.??.??"]
[WhiteTeam "SK Bebenhausen"]
[BlackTeam "SK Bebenhausen"]

1. e4 c5 2. Nf3 Nc6 3. Bb5 g6 4. Bxc6 dxc6 5. O-O Bg7 6. h3 Nf6 7. d3 O-O 8.
Qe2 Qc7 9. Be3 b6 10. Nc3 Ba6 11. Rad1 Rad8 12. Qd2 Nh5 13. Bh6 e5 14. Bxg7
Kxg7 15. Qg5 f6 16. Qh4 Nf4 17. Qg3 Rd6 18. Rfe1 Rfd8 19. b3 c4 20. d4 cxb3 21.
axb3 Rxd4 22. Nxd4 exd4 23. e5 fxe5 24. Qg5 Ne6 25. Qg4 Bc8 26. Ne4 Nc5 27. Qg5
Nxe4 28. Rxe4 Bf5 29. Re2 h6 30. Qg3 Rd5 31. Rde1 Kf6 32. Qh4+ Kg7 33. f4 e4
34. g4 g5 35. Qf2 Bg6 36. f5 e3 37. Qf3 Bf7 38. c4 Re5 39. Rd1 c5 40. f6+ Kg6
41. Qg3 Qd6 42. Rxe3 Re6 43. Qxd6 Rxd6 44. Re7 a5 45. Ra7 d3 46. Kf2 Kxf6 47.
Ke3 Bg6 48. Rf1+ Ke6 49. Rg7 Ke5 50. Re7+ Re6 51. Rxe6+ Kxe6 52. Rf8 h5 53. Rb8
Ke5 54. Rxb6 Be4 55. gxh5 Bg2 56. h6 Bxh3 57. h7 d2 58. h8=Q+ 1-0

[Event "WEM KT 2016"]
[Site "?"]
[Date "2016.09.04"]
[Round "9.5"]
[White "Fischer, Dietmar"]
[Black "Streiter, Manfred"]
[Result "0-1"]
[WhiteElo "1944"]
[BlackElo "1983"]
[PlyCount "112"]
[EventDate "2016.??.??"]
[WhiteTeam "SC Böblingen"]
[BlackTeam "SGem Vaihingen-Rohr"]

1. e4 e6 2. d4 d5 3. Nc3 dxe4 4. Nxe4 Bd7 5. Nf3 Bc6 6. Bd3 Nd7 7. O-O Ngf6 8.
Ng3 Be7 9. b3 O-O 10. Bb2 Bxf3 11. Qxf3 c6 12. c4 Qa5 13. a3 Bd6 14. Rad1 Qg5
15. Bb1 Qh4 16. h3 Qf4 17. Qd3 g6 18. Bc1 Qh4 19. Rfe1 Rad8 20. Ne4 Nxe4 21.
Rxe4 Qe7 22. b4 a5 23. c5 Bc7 24. Qf3 Qf6 25. Qe2 axb4 26. axb4 Ra8 27. Bb2 Qd8
28. h4 Nf6 29. d5 Nxe4 30. Qxe4 exd5 31. Qd4 f6 32. Qg4 Qc8 33. Qf3 Be5 34. Bc1
Kg7 35. h5 Ra1 36. Qd3 Qg4 37. hxg6 Rxb1 38. Bh6+ Kxh6 39. Rxb1 Qxg6 40. Qh3+
Kg7 41. Rb3 Qh6 42. Qd7+ Rf7 43. Qg4+ Qg5 44. Qd1 Kh8 45. Rh3 Rg7 46. g3 Qg4
47. Qf1 Qxb4 48. Qd3 Qe1+ 49. Kg2 Qe4+ 50. Qxe4 dxe4 51. Rh1 Rd7 52. Re1 f5 53.
g4 Rg7 54. f3 exf3+ 55. Kxf3 fxg4+ 56. Kg2 Re7 0-1

[Event "WEM KT 2016"]
[Site "?"]
[Date "2016.09.04"]
[Round "9.6"]
[White "Schömbs, Oliver"]
[Black "Muschkowski, Jürgen"]
[Result "0-1"]
[WhiteElo "1874"]
[BlackElo "2090"]
[PlyCount "112"]
[EventDate "2016.??.??"]
[WhiteTeam "SC Ingersheim"]
[BlackTeam "SV Balingen"]

1. e4 c5 2. Nf3 e6 3. d4 cxd4 4. Nxd4 Bc5 5. Nb3 Bb6 6. Nc3 Ne7 7. Bc4 O-O 8.
Qf3 f5 9. Bf4 fxe4 10. Qg3 Ng6 11. Be3 d5 12. O-O-O Bc7 13. Qh3 Qf6 14. Bf1 Nf4
15. Bxf4 Qxf4+ 16. Kb1 Qxf2 17. Be2 Qf7 18. Rhf1 Qe8 19. Rxf8+ Qxf8 20. Rf1 Qe8
21. Nb5 Be5 22. Bg4 Nc6 23. c3 a6 24. N5d4 Bxd4 25. Nxd4 Nxd4 26. cxd4 e5 27.
Bxc8 Rxc8 28. dxe5 Qc6 29. a3 Re8 30. Rc1 Qe6 31. Qb3 b5 32. Rc5 Qxe5 33. Rxd5
Qe6 34. Qd1 e3 35. Rc5 e2 36. Qe1 Qe4+ 37. Rc2 Qxg2 38. h4 Qe4 39. b4 Qd3 40.
Kb2 Qd4+ 41. Kb1 Qd1+ 42. Rc1 Qb3+ 43. Ka1 Qxa3+ 44. Kb1 Qd3+ 45. Kb2 h6 46. h5
Re3 47. Rc8+ Kh7 48. Kc1 Qa3+ 49. Kc2 Qa2+ 50. Kc1 Qa1+ 51. Kd2 Rd3+ 52. Kxd3
Qxe1 53. Re8 Qd1+ 54. Ke4 e1=Q+ 55. Kf4 Qf2+ 56. Ke4 Qdd4# 0-1

[Event "WEM KT 2016"]
[Site "?"]
[Date "2016.09.04"]
[Round "9.7"]
[White "Lüdke, Joshua"]
[Black "Gehringer, Frank"]
[Result "1-0"]
[WhiteElo "1934"]
[BlackElo "2010"]
[PlyCount "51"]
[EventDate "2016.??.??"]
[WhiteTeam "SV Marbach"]
[BlackTeam "SC Leinfelden"]

1. d4 d5 2. c4 e5 3. dxe5 d4 4. Nf3 Nc6 5. Nbd2 Bg4 6. Qb3 Rb8 7. a3 Nge7 8. h3
Bxf3 9. Nxf3 Ng6 10. Bg5 Be7 11. Bxe7 Qxe7 12. Rd1 Ngxe5 13. Nxd4 O-O 14. Nxc6
bxc6 15. Qc3 f5 16. f4 Ng6 17. g3 Nxf4 18. gxf4 Qh4+ 19. Kd2 Qxf4+ 20. e3 Rfd8+
21. Bd3 Qf2+ 22. Kc1 Qxe3+ 23. Kb1 Qc5 24. Bc2 Rd6 25. Rhf1 g6 26. Rf3 1-0

[Event "WEM KT 2016"]
[Site "?"]
[Date "2016.09.04"]
[Round "9.8"]
[White "Klaiß, Thomas"]
[Black "Yi, Danny"]
[Result "1-0"]
[WhiteElo "1981"]
[BlackElo "1835"]
[PlyCount "95"]
[EventDate "2016.??.??"]
[WhiteTeam "SF Dornstetten-Pfalzgrafenweiler"]
[BlackTeam "SF Kornwestheim"]

1. d4 Nf6 2. Nf3 g6 3. Bg5 Ne4 4. Bf4 Bg7 5. e3 d5 6. Nbd2 Nxd2 7. Qxd2 c5 8.
c3 c4 9. b3 cxb3 10. axb3 Nc6 11. Bd3 O-O 12. O-O Bg4 13. Ne1 e5 14. Bg3 exd4
15. exd4 Re8 16. h3 Be6 17. Nf3 Qb6 18. Bc2 Ne7 19. Be5 Bf5 20. Bxg7 Kxg7 21.
c4 Be6 22. c5 Qc7 23. b4 a6 24. Rfe1 Nc6 25. Bd3 f6 26. b5 Nb8 27. Ra3 Re7 28.
Qa2 Bf7 29. Rxe7 Qxe7 30. bxa6 bxa6 31. Ra5 Qb7 32. Ra3 Qc7 33. Ra5 Qb7 34. Bf1
Qc7 35. Qa1 Qb7 36. Ne1 g5 37. Nc2 Bg6 38. Ne3 Qd7 39. Qa2 Bf7 40. Bb5 Qe6 41.
g4 Kg8 42. Ra4 Ra7 43. Bd3 Qc6 44. Bf1 Be6 45. Bg2 Rd7 46. Rb4 Qa8 47. Rb6 Kf7
48. Qb1 1-0

[Event "WEM KT 2016"]
[Site "?"]
[Date "2016.09.04"]
[Round "9.9"]
[White "Müller, Thomas"]
[Black "Handel, Oliver"]
[Result "1/2-1/2"]
[WhiteElo "2027"]
[BlackElo "1854"]
[PlyCount "47"]
[EventDate "2016.??.??"]
[WhiteTeam "SV Schömberg"]
[BlackTeam "SF Kornwestheim"]

1. d4 Nf6 2. Nf3 e6 3. e3 c5 4. Bd3 d5 5. b3 Be7 6. Bb2 O-O 7. Nbd2 b6 8. Ne5
Bb7 9. O-O Nbd7 10. f4 Ne4 11. Rf3 f6 12. Nxd7 Qxd7 13. Rh3 f5 14. Nf3 Bf6 15.
Qe2 Rac8 16. c4 dxc4 17. bxc4 Rfd8 18. Ne5 Bxe5 19. fxe5 Qf7 20. Rf1 h6 21. Rh4
Qg6 22. Rh3 Kh7 23. Rd1 Qf7 24. Rf3 1/2-1/2

[Event "WEM KT 2016"]
[Site "?"]
[Date "2016.09.04"]
[Round "9.10"]
[White "Klaus, Daniel"]
[Black "Reindl, Arno"]
[Result "1/2-1/2"]
[WhiteElo "1943"]
[BlackElo "1809"]
[PlyCount "81"]
[EventDate "2016.??.??"]
[WhiteTeam "SC Feuerbach"]
[BlackTeam "SG Schwäbisch Gmünd"]

1. e4 c5 2. Nf3 d6 3. d4 cxd4 4. Nxd4 Nf6 5. Nc3 g6 6. Bc4 Bg7 7. Bb3 O-O 8. f3
Nc6 9. Be3 Bd7 10. Qd2 Rc8 11. O-O-O Nxd4 12. Bxd4 b5 13. Bxa7 b4 14. Ne2 Qa5
15. Bd4 Ba4 16. Bxa4 Qxa4 17. Kb1 Rc6 18. Nc1 Rfc8 19. b3 Qa3 20. g4 Qa5 21. a4
Qc7 22. Qxb4 Rxc2 23. Na2 Bh6 24. Qb6 Qxb6 25. Bxb6 Rg2 26. Rdg1 Rxg1+ 27. Rxg1
Rb8 28. a5 Nd7 29. b4 Nxb6 30. axb6 Bf4 31. Rg2 Rxb6 32. Kc2 Kg7 33. Kb3 Ra6
34. b5 Ra8 35. Re2 Be5 36. Rc2 Bd4 37. Rc6 Bc5 38. Nb4 Ra1 39. Nd3 Ra3+ 40. Kc4
Ra4+ 41. Kb3 1/2-1/2

[Event "WEM KT 2016"]
[Site "?"]
[Date "2016.09.04"]
[Round "9.12"]
[White "Ruff, Robert"]
[Black "Engelhardt, Frank"]
[Result "0-1"]
[WhiteElo "1864"]
[BlackElo "1819"]
[PlyCount "144"]
[EventDate "2016.??.??"]
[WhiteTeam "SK Sachsenheim"]
[BlackTeam "SC Botnang"]

1. d4 Nf6 2. c4 e6 3. Nc3 Bb4 4. e3 d5 5. Nge2 O-O 6. a3 Be7 7. Nf4 dxc4 8.
Bxc4 c5 9. O-O cxd4 10. exd4 a6 11. Re1 Nc6 12. d5 exd5 13. Ncxd5 Bd6 14. h3 b5
15. Ba2 Bb7 16. Nxf6+ Qxf6 17. Nh5 Qd4 18. Be3 Qxd1 19. Raxd1 Be5 20. Bc5 Rfd8
21. Bb6 Re8 22. Kf1 Bxb2 23. Rxe8+ Rxe8 24. Rd7 Re7 25. Rd3 g6 26. Nf4 Kg7 27.
Bc5 Re4 28. Ne2 Ne5 29. Rd8 Nc4 30. Bf8+ Kf6 31. Bb1 Re5 32. a4 Rd5 33. Rxd5
Bxd5 34. Bb4 bxa4 35. Nf4 Ke5 36. Nd3+ Kd4 37. Ke2 a5 38. Be7 Kc3 39. Bf6+ Kb3
40. Nc5+ Kb4 41. Nd3+ Ka3 42. Be7+ Kb3 43. Nc5+ Kb4 44. Nd3+ Kb5 45. Ba2 Bc3
46. Nf4 Be4 47. f3 Bc2 48. Nd3 Bb3 49. Nc1 Bc2 50. Nd3 Bb4 51. Bf6 a3 52. Bg7
a4 53. Nc1 f5 54. Bf6 Nd2 55. Nd3 Nb3 56. Nxb4 Kxb4 57. Be7+ Nc5 58. Kd2 Bb3
59. Bxb3 axb3 60. Kc1 Kc4 61. Kb1 a2+ 62. Ka1 Nd3 63. g4 Kc3 64. Ba3 Kc2 65.
gxf5 gxf5 66. f4 Nxf4 67. h4 Nd3 68. h5 f4 69. h6 f3 70. Bb2 f2 71. Bc1 b2+ 72.
Kxa2 Nxc1+ 0-1

[Event "WEM KT 2016"]
[Site "?"]
[Date "2016.09.04"]
[Round "9.14"]
[White "Reindl, Knut"]
[Black "Löwe, Joachim"]
[Result "1-0"]
[WhiteElo "1791"]
[BlackElo "1886"]
[PlyCount "89"]
[EventDate "2016.??.??"]
[WhiteTeam "SG Schwäbisch Gmünd"]
[BlackTeam "SK Schmiden/Cannstatt"]

1. c4 Nf6 2. Nf3 e6 3. Nc3 d5 4. cxd5 exd5 5. d3 c6 6. g3 Be7 7. Bg2 O-O 8. O-O
h6 9. a3 Bf5 10. Nd4 Bg6 11. b4 a5 12. b5 c5 13. Nf3 d4 14. Na4 Nd5 15. Nd2 f5
16. Bxd5+ Qxd5 17. Nb6 Qd8 18. Nxa8 Nd7 19. Nc4 Qxa8 20. b6 Qd8 21. Rb1 Bf7 22.
Bd2 g5 23. Nxa5 Bd5 24. Nc4 Qe8 25. f3 Qh5 26. e4 dxe3 27. Nxe3 Be6 28. Bc3 Nf6
29. Re1 Qf7 30. Nc4 Nd5 31. Bb2 Bf6 32. Nd6 Qg7 33. Rxe6 Bxb2 34. Qb3 Qd4+ 35.
Kh1 Bc3 36. Qc4 Ra8 37. Qxd4 cxd4 38. Nxb7 Rxa3 39. Nc5 Nxb6 40. Rexb6 Kg7 41.
Ne6+ Kg6 42. Nxd4+ Kh5 43. Nb5 Ra1 44. Nxc3 Rxb1+ 45. Rxb1 1-0

[Event "WEM KT 2016"]
[Site "?"]
[Date "2016.09.04"]
[Round "9.15"]
[White "Lahouel, Kim-Luca"]
[Black "Radek, Dieter"]
[Result "1-0"]
[WhiteElo "1706"]
[BlackElo "1962"]
[PlyCount "59"]
[EventDate "2016.??.??"]
[WhiteTeam "Heilbronner SV"]
[BlackTeam "SV Oberstenfeld"]

1. e4 c5 2. c3 d6 3. d4 cxd4 4. cxd4 g6 5. Nf3 Bg7 6. Nc3 Nf6 7. Be2 O-O 8. O-O
a6 9. a4 b6 10. Qb3 Nc6 11. Be3 a5 12. h3 Nb4 13. Rfd1 Bb7 14. Nd2 e6 15. Bf3
d5 16. e5 Nd7 17. Nb5 f6 18. exf6 Nxf6 19. Bf4 Ne4 20. Bc7 Nxd2 21. Rxd2 Qg5
22. Re2 Rac8 23. Bd6 Rf7 24. Bg4 Rf5 25. Bxf5 exf5 26. Bxb4 axb4 27. Qxb4 Rc1+
28. Rxc1 Qxc1+ 29. Re1 Qf4 30. Qe7 1-0

[Event "WEM KT 2016"]
[Site "?"]
[Date "2016.09.04"]
[Round "9.16"]
[White "Bauer, Dieter"]
[Black "Tölg, Wolfgang"]
[Result "1-0"]
[WhiteElo "1724"]
[BlackElo "1597"]
[PlyCount "93"]
[EventDate "2016.??.??"]
[WhiteTeam "SF Kornwestheim"]
[BlackTeam "SF Oeffingen"]

1. g3 d5 2. Bg2 e5 3. c4 c6 4. cxd5 cxd5 5. Qb3 Nf6 6. d3 h6 7. e4 d4 8. Ne2
Nc6 9. O-O Qc7 10. Qc2 Bd6 11. Bd2 O-O 12. h3 Be6 13. f4 Rac8 14. f5 Bd7 15. a3
Qb6 16. Bc1 Qa6 17. Qd1 Nb4 18. Rf3 Nc2 19. Ra2 Ba4 20. b3 Bxb3 21. Rb2 Qa4 22.
Nd2 Bxa3 23. Rxb3 Bb4 24. Rb2 Rc7 25. Nc4 b5 26. Nxe5 Rfc8 27. Ng4 Qa1 28. Rf1
Nxg4 29. hxg4 Qa5 30. Bf4 Rc6 31. e5 Rc5 32. e6 fxe6 33. Bd6 Ne3 34. Qb1 Nxf1
35. Bxc5 Bxc5 36. Kxf1 a6 37. fxe6 Rf8+ 38. Kg1 Qb6 39. Nf4 g5 40. Bd5 Re8 41.
Nh5 Re7 42. Qf1 Qd6 43. Qf5 Ba3 44. Rf2 Qd8 45. Qg6+ Kh8 46. Be4 Qc8 47. Qxh6+
1-0